00435nam a22001577a 450000100100000000500170001000800410002701000130006802000250008104000230010605000220012910000200015124500440017126000340021530000280024900001818620200929165406.0850828s1985 fr b 000 0 fre  a85183348 a2710302217 :c95.00F aDO-SdBNPcDLCdDLC00aMLCS 85/10308 (P)1 aBourin, Jeanne.13aLe grand feu :broman /cJeanne Bourin. aParis :bTable ronde,cc1985. a445 p. :bmap ;c22 cm.